detalles oseos - Estadísticas

Estadísticas generales
  • Esta prueba ha sido intentada 16 veces
  • La puntuación promedio es 8 de 20
Estadísticas de respuestas
Hint Respuesta % Correcto
Extremo articular grande y redondeado cabeza
75%
Paso a través de un hueso foramen o agujero
75%
Área articular redondeada, semejante a un nudillo, con frecuencia es par. condilo
50%
Reborde óseo cresta
50%
Porción estrecha
Proximal a la cabeza
cuello
50%
Masa principal de un hueso. cuerpo
50%
Eminencia superior a un cóndilo epicóndilo
50%
Hueco o área deprimida
Fosa infraespinosa de la escapula
fosa
50%
Abultamiento o proyección ósea protuberancia
50%
Depresión alargada surco
50%
Proceso articular semejante a un carrete.
Actúa como una polea
troclea
50%
Área plana y lisa.
Cubierta de cartílago.
Donde un hueso se articula con otro
cara, carilla o fosita
25%
Proceso semejante a una espina espina
25%
Muesca en el borde de un hueso incisura
25%
Elevación línea linea
25%
Extensión o proyección con un propósito principal, forma característica o que se extiende a una dirección particular proceso
25%
Gran elevación Roma trocanter
25%
Proceso redondeado Maleolo
0%
Pequeña eminencia elevada tuberculo
0%
Gran elevación redondeada tuberosidad
0%
No se encontraron pruebas coincidentes
Distribución de puntuación
Porcentaje de gente con cada puntuación
Porcentaje por número respondido
Historial de tus puntuaciones
No has intentado esta prueba.